000
00316nam a2200133Ia 4500
008
191201s2018 xx 000 0 und d
082
_a
615.321 KOP
100
_a
KOKATE,C.K
245
0
_a
Pharmacognosy
260
_b
Nirali Prakashan
_a
New Delhi
_c
2018
300
_a
MISC
650
_a
Pharmacognosy
942
_2
ddc
_c
BK
999
_c
8419
_d
8419